| 000 | 01119nmm a2200301 a 4500 | ||
|---|---|---|---|
| 001 | ocm0001221529 | ||
| 003 | TR-IsHL | ||
| 005 | 20201028155144.0 | ||
| 008 | 110704s2003 tu tur | ||
| 007 | cr cn | ||
| 020 | _a9789755127149 | ||
| 035 |
_a1221529 _b(N$T) |
||
| 050 | 0 | 4 |
_aHG5706.5.A3 _bT87 2003 |
| 090 | 0 | 4 |
_aHG5706.5.A3 _bT87 2003 |
| 245 | 1 | 0 |
_aTürkiye'den yurt dışına doğrudan sermaye yatırımları ve Türk yatırımcıları _h[electronic resource] / _chaz. İlkay Çapraz, İpek Demircioğlu |
| 260 |
_aİstanbul : _bİstanbul Ticaret Odası, _c2003 |
||
| 300 | _a104 p. | ||
| 650 | 4 | _aEkonomi ve Finans | |
| 650 | 4 | _aEconomics and Finance | |
| 650 | 0 |
_aYatırımlar, Dış _x Türkiye |
|
| 650 | 0 |
_aInvestments, Foreign _x Turkey |
|
| 650 | 0 |
_aSermaye yatırımları _x Türkiye |
|
| 650 | 0 |
_aCapital investments _x Turkey |
|
| 650 | 7 |
_aBUSINESS & ECONOMICS / Investments & Securities / General _2bisacsh |
|
| 700 | 1 | _aÇapraz, İlkay | |
| 700 | 1 | _aDemircioğlu, İpek | |
| 856 | 4 | 0 | _uhttp://search.ebscohost.com/login.aspx?direct=true&scope=site&db=e011xww&AN=1221529 |
| 999 |
_c12942 _d12942 |
||